El Capital / (Record no. 100236)

MARC details
000 -LEADER
campo de control de longitud fija 00713nam a2200205 i 4500
001 - NÚMERO DE CONTROL
campo de control 100236
003 - IDENTIFICADOR DE NÚMERO DE CONTROL
campo de control ES-MaACL
005 - FECHA Y HORA DE LA ÚLTIMA TRANSACCIÓN
campo de control 20250331063054.0
007 - CAMPO FIJO DE DESCRIPCIÓN FÍSICA--INFORMACIÓN GENERAL
campo de control de longitud fija t|
008 - DATOS DE LONGITUD FIJA--INFORMACIÓN GENERAL
campo de control de longitud fija 050923s1932 sp ||||1| spa d
100 1# - ENTRADA PRINCIPAL--NOMBRE DE PERSONA
Nombre de persona Marx, Karl,
Fechas asociadas al nombre 1818-1883
9 (RLIN) 78590
245 13 - MENCIÓN DEL TÍTULO
Título El Capital /
Mención de responsabilidad, etc. Carlos Marx; resumido por Gabriel Deville; nueva traducción española precedida de un estudio crítico por Wilfredo Pareto y seguida de un apéndice por Pablo Lafargue.
260 ## - PUBLICACIÓN, DISTRIBUCIÓN, ETC.
Lugar de publicación, distribución, etc. Madrid :
Nombre del editor, distribuidor, etc. Francisco Beltrán,
Fecha de publicación, distribución, etc. 1932.
300 ## - DESCRIPCIÓN FÍSICA
Extensión 230 p. ;
Dimensiones 22 cm.
700 1# - ENTRADA AGREGADA--NOMBRE PERSONAL
Nombre de persona Deville, Gabriel.
9 (RLIN) 44008
700 1# - ENTRADA AGREGADA--NOMBRE PERSONAL
Nombre de persona Pareto, Wilfredo.
9 (RLIN) 89112
700 0# - ENTRADA AGREGADA--NOMBRE PERSONAL
Nombre de persona Lafargue, Paul.
9 (RLIN) 69469
852 ## - LOCALIZACIÓN
Ubicación ES-MaACL
Número de control de estantería A-4610
Holdings
Estatus retirado Estado de pérdida Estado de daño No para préstamo Biblioteca de origen Biblioteca actual Ubicación en estantería Fecha de adquisición Fuente de adquisición Total de préstamos Signatura topográfica completa Código de barras Visto por última vez Precio de reemplazo Tipo de ítem Koha
        Biblioteca del Ateneo de Madrid Biblioteca del Ateneo de Madrid Sala Pecera Planta 1 17/01/2008     A-4610 1104663 23/02/2023 23/02/2023 Libro impreso